| 000 | 00355nam a2200133Ia 4500 | ||
|---|---|---|---|
| 008 | 231129s1989||||xx |||||||||||||| ||spa|| | ||
| 040 | _bspa | ||
| 082 | _a322.42 B388m | ||
| 100 | _aBeccassino Angel | ||
| 245 | 0 | _aM-19: El heavy metal latinoamericano | |
| 260 | _c1989 | ||
| 264 | _aBogotá Colombia : Fondo Editorial Santodomingo | ||
| 942 |
_2ddc _cBKS |
||
| 999 |
_c20194 _d20194 |
||